| 000 | 00748cam a2200265 4500 | ||
|---|---|---|---|
| 001 | ABS62578 | ||
| 008 | 000000n2000 000 0 eng u | ||
| 035 | _a(Sirsi) u107160 | ||
| 245 | _aRegional survey: London boroughs west | ||
| 260 | _c2000 | ||
| 490 |
_aProperty Week _v65(26) 30 June 2000, 44-60(7) |
||
| 590 | _aABS | ||
| 650 | _aCHISWICK PARK | ||
| 650 | _aHEATHROW | ||
| 650 | _aHAMMERSMITH | ||
| 650 | _aBRENTFORD | ||
| 650 | _aEALING | ||
| 650 | _aLONDON BOROUGHS | ||
| 650 | _aPARK ROYAL | ||
| 650 | _aPROPERTY-COMMERCIAL PROPERTY-OFFICE PROPERTY-OFFICE PROPERTY MARKET | ||
| 650 | _aINDUSTRIAL MARKET | ||
| 650 | _aPLANNING ISSUES | ||
| 690 | _aPROPERTY-COMMERCIAL PROPERTY-COMMERCIAL PROPERTY MARKET | ||
| 942 | _n0 | ||
| 999 |
_c64065 _d64065 |
||